[Event "Moscow-ch Men 2019"]
[Site "Moscow"]
[Date "2019.03.31"]
[Round "2.1"]
[White "Galaktionov, Artem"]
[Black "Popov, Ivan"]
[Result "0-1"]
[WhiteElo "2332"]
[BlackElo "2585"]
[Annotator "TA"]
[PlyCount "145"]
[EventDate "2019.03.30"]
[EventType "swiss"]
[EventCountry "RUS"]
[SourceTitle "playchess.com"]
[Source "ChessBase"]
[SourceQuality "1"]

{[%evp 13,145,8,19,5,25,24,27,0,0,0,0,-3,0,-8,63,58,44,-6,0,-3,-3,-3,-3,-4,-7,0,0,-12,-18,-66,-65,-66,-66,-68,-68,-71,-66,-93,-93,-93,-93,-93,-82,-90,-91,-95,-71,-94,-66,-66,-66,-59,-63,-66,-66,-66,-55,-66,-64,-66,-64,-98,-98,-110,-110,-110,-110,-110,-110,-120,-99,-103,-65,-79,-87,-125,-50,-48,-44,-44,-29,-29,-28,-34,-34,-41,-41,-44,-34,-34,-29,-29,-8,-31,-33,-37,-37,-41,-41,-41,-41,-41,-41,-41,-35,-50,-52,-64,-41,-41,-41,-41,-41,-59,-41,-43,0,-60,-60,-89,-83,-89,-89,-146,-157,-29964,-29966,-5035,-29965,-29989,-29990,-29990,-29991,-29996]} 1. d4 Nf6 2. Nf3 e6 3. c4 d5 4. Nc3 c6 5. Qd3 dxc4 6. Qxc4 b5 7. Qd3 Be7 8. g3 {D43: Semi-Slav: 5 Bg5 h6} Nbd7 9. Bg2 Bb7 10. Bf4 $146 {White has an edge.} ({Predecessor:} 10. O-O O-O 11. a3 a6 12. Rd1 c5 13. dxc5 Nxc5 14. Qc2 Qc8 15. Bf4 Na4 16. Rac1 Nxc3 17. Qxc3 Qxc3 18. Rxc3 Rac8 {½-½ (60) Karpov,A (2682)-Leitao,R (2573) Sao Paulo 2004}) 10... b4 11. Ne4 Nxe4 12. Qxe4 Nf6 13. Qc2 c5 ({Better is} 13... Rc8 $11) 14. dxc5 $14 {Hoping for c6.} Rc8 15. O-O Bxc5 16. Qa4+ Bc6 17. Qa6 {Strongly threatening Rad1.} O-O 18. Rfd1 Qb6 19. Qxb6 Bxb6 20. Bd6 Ne4 $36 {[%mdl 2048] Black is more active.} 21. Nd4 {[#]} Nxf2 $1 {[%mdl 512]} 22. Kxf2 Rfd8 23. Be5 f6 24. Bxc6 fxe5 25. Be4 Rf8+ 26. Kg2 Bxd4 27. Rf1 Bxb2 28. Rxf8+ Rxf8 $17 {[%mdl 4096] Endgame KRB-KRB} 29. Rf1 Rd8 30. Kf3 Rd2 31. Bd3 Bc3 32. Ke3 a5 ({Don't blunder} 32... Rxa2 $2 33. Bc4 $18) 33. Bc4 Rd6 34. Bb3 Ra6 35. Bc4 Rc6 36. Bb3 h5 37. Rd1 Kf7 38. Rd7+ Kf6 39. Ke4 Bd4 40. e3 Bb6 {And now ...a4! would win.} 41. Rb7 Bc7 42. Ra7 Ke7 43. Ra8 Bb6 {...Rc3 is the strong threat.} 44. Kxe5 Rc3 (44... g5 $17 45. h4 g4) 45. Ra6 $1 $15 {[%cal Ra6b6]} Rxe3+ 46. Kf4 Bd4 47. Rxa5 {[#]} h4 $1 {[%mdl 512]} 48. gxh4 Rh3 49. Ra6 Rxh4+ 50. Kf3 Rh6 51. h4 Bc5 52. h5 Bd6 53. Ra5 Rf6+ 54. Kg4 Rf1 55. Ra7+ Kf6 56. Ra6 Rf4+ 57. Kg3 Rd4+ 58. Kf3 e5 59. Ra7 Rf4+ 60. Kg3 Be7 61. Ra6+ Kf5 62. Bc2+ Kg5 63. Bg6 Rc4 64. Kf3 Rf4+ 65. Kg3 Bc5 66. Be8 Bf2+ 67. Kg2 Bd4 {Threatens to win with ...Kh4.} 68. Rg6+ ({White should try} 68. Kg3) 68... Kh4 $17 {aiming for ...Rf2+.} 69. Rxg7 $2 (69. h6 $17 Rf2+ 70. Kh1 gxh6 71. Rxh6+ Kg4 72. Bd7+ Kg5 73. Rh2) 69... Rf2+ 70. Kh1 e4 71. h6 {Black mates.} e3 72. Bb5 e2 73. Re7 {Accuracy: White = 45%, Black = 66%.} 0-1

[Event "Moscow-ch Men 2019"]
[Site "Moscow"]
[Date "2019.03.31"]
[Round "2.2"]
[White "Savchenko, Boris"]
[Black "Pesotskiy, Mikhail"]
[Result "1-0"]
[WhiteElo "2575"]
[BlackElo "2300"]
[Annotator "TA"]
[PlyCount "71"]
[EventDate "2019.03.30"]
[EventType "swiss"]
[EventCountry "RUS"]
[SourceTitle "playchess.com"]
[Source "ChessBase"]
[SourceQuality "1"]

{[%evp 15,71,14,15,-18,25,0,-5,-14,-6,-29,-10,-30,95,89,100,98,85,87,78,78,107,104,129,122,144,144,138,147,218,113,92,93,70,41,265,273,437,416,427,419,397,0,0,-88,-88,-122,0,0,218,218,218,211,206,196,353,320,295,295]} 1. e4 e6 2. Nc3 d5 3. d4 Bb4 4. e5 c5 5. a3 Ba5 6. b4 cxd4 7. Nb5 Bc7 8. f4 Bd7 9. Qg4 {C18: French: 3 Nc3 Bb4: Main line: 7 h4 and 7 Qg4} (9. Nxc7+ Qxc7 10. Nf3 Ba4 11. Bd3 Ne7 12. O-O Qb6 13. Kh1 Bb5 14. Nxd4 Bxd3 15. Qxd3 Nbc6 16. Nf3 a6 17. Be3 Qb5 {½-½ (40) Vidit,S (2715)-Vitiugov,N (2730) Linares 2018}) 9... Kf8 (9... g6 {feels hotter.} 10. Nxc7+ Qxc7 11. Qd1 Ba4 12. Bd3 Nh6) 10. Nf3 Ne7 $146 ({Predecessor:} 10... Nh6 11. Qh3 a5 12. Rb1 axb4 13. Nfxd4 Bb6 14. axb4 Bxb5 15. Nxb5 Nf5 16. Bd3 Nd4 {1-0 (42) Postnikov,D (2178)-Krivenko,S (2338) Izhevsk 2013}) 11. Nbxd4 {The position is equal.} Nbc6 12. Bb2 Nxd4 13. Nxd4 Nf5 (13... h5 $11 14. Qh3 Bb6) 14. Nxf5 $16 exf5 15. Qf3 Be6 16. O-O-O $1 Qe8 17. g3 Qa4 18. Bg2 Rc8 19. Qe2 Bb6 20. Bxd5 Ke7 21. Kb1 a5 (21... Bxd5 $16 22. Rxd5 Qc6) 22. Bb3 (22. Bxb7 $6 axb4 23. Bxc8 Rxc8 $16) (22. Bxe6 $18 fxe6 23. Rd6) 22... Bxb3 23. cxb3 Qxb3 {[#]} 24. e6 $1 {[%mdl 512]} Qxe6 $2 (24... fxe6 $14 25. Qe5 (25. Qd2 $2 Rhd8 $17) (25. Rd3 Qc4 $11) 25... Rhd8 26. Qxg7+ Ke8 27. Qh8+ Ke7 28. Qxh7+ Kf8 29. Qg7+ Ke8 30. Qg8+ (30. Rxd8+ Rxd8 31. Qxb7 Qd3+ 32. Ka2 axb4 $16) 30... Ke7 31. Qh7+ Kf8 32. Qg7+ Ke8 33. Qg6+ (33. Rxd8+ Rxd8 34. Qxb7 Qd3+ 35. Ka2 axb4 $16) 33... Ke7 34. Qh7+) 25. Rhe1 $18 Rhd8 $2 (25... Qxe2 26. Rxe2+ Kf8) 26. Qf3 Rxd1+ 27. Qxd1 Be3 28. Qd3 $2 ({Only move:} 28. Qf3 $18 Qe4+ 29. Qxe4+ fxe4 30. Rxe3) 28... Rd8 $11 29. Qb5 ({Don't blunder} 29. Qxe3 $2 Rd1+ 30. Rxd1 Qxe3 $19) (29. Qc3 $11 {keeps the balance.} Qe4+ 30. Ka1) 29... Qe4+ $17 30. Ka1 Rd2 ({Black should play} 30... Rd3 $17 31. Qxa5 f6) 31. bxa5 $11 {Threatens to win with Qb4+.} Kf8 $2 (31... Kd8 $11 {and Black is okay.}) 32. a6 $18 bxa6 {[#]} 33. Qb8+ $1 ({Stronger than} 33. Qxa6 f6 $11) 33... Ke7 {[#]} 34. Qb4+ $1 Qxb4 $2 (34... Kd7 {was necessary.}) 35. axb4 Rd3 36. Bc1 {Accuracy: White = 58%, Black = 30%.} ({Worse is} 36. Bxg7 f6 $11) 1-0

[Event "Moscow-ch Men 2019"]
[Site "Moscow"]
[Date "2019.03.31"]
[Round "2.3"]
[White "Kirchei, Viktoriia"]
[Black "Gvanceladze, Anna"]
[Result "1/2-1/2"]
[WhiteElo "2086"]
[BlackElo "2261"]
[Annotator "TA"]
[PlyCount "149"]
[EventDate "2019.03.30"]
[EventType "swiss"]
[EventCountry "RUS"]
[SourceTitle "playchess.com"]
[Source "ChessBase"]
[SourceQuality "1"]

{[%evp 13,149,14,20,10,29,-39,-49,-90,-44,-91,0,-22,0,-124,-20,-4,22,33,21,16,8,22,12,5,11,0,0,0,0,0,0,0,0,0,0,-36,-36,-36,0,0,0,0,0,0,0,-14,-11,-24,-25,-25,-25,-26,-27,-13,0,0,0,0,0,0,0,-47,-8,-27,0,0,0,0,0,0,0,-19,-3,-3,0,0,95,80,87,17,274,267,332,325,1026,1026,1026,1026,1018,1008,993,993,979,954,928,799,618,10,10,10,10,10,10,10,17,17,17,0,0,0,0,0,0,0,0,0,0,0,0,0,0,0,0,0,0,0,0,0,0,0,0,0,0,0,0,0,0,0]} 1. e4 c6 2. d4 d5 3. Nc3 dxe4 4. Nxe4 Nf6 5. Nxf6+ exf6 6. Bc4 Bd6 7. Qe2+ Be7 8. Be3 {B15: Caro-Kann: 3 Nc3: 3...g6 and 3...dxe4 4 Nxe4 Nf6 5 Nxf6+ exf6} O-O (8... Na6 9. Nf3 O-O 10. O-O Nc7 11. Bb3 Nd5 12. Rfe1 Be6 13. c4 Nxe3 14. Qxe3 Bb4 15. Red1 Re8 {0-1 (96) Jones,G (2682)-Howell,D (2696) London 2018}) 9. O-O-O (9. c3 $11) 9... b5 $15 10. Bb3 {Black is slightly better.} Qc7 $146 ({Predecessor:} 10... a5 11. c4 a4 12. Bc2 bxc4 13. Qxc4 Be6 14. Qd3 g6 15. a3 Nd7 {0-1 (34) Player,E (2227)-Houska,J (2386) Douglas 2016}) 11. d5 a6 ({Better is} 11... a5 $1 $17 {[%cal Ra5a4]} 12. c3 a4) 12. Qf3 Bd6 13. h4 (13. dxc6 $1 $11 Nxc6 14. Bb6 Qxb6 15. Rxd6) 13... Bb7 ({Black should try} 13... c5 $1 $17 {[%cal Rc5c4]} 14. c3 Nd7) 14. h5 $11 Nd7 (14... cxd5 $5 {[%cal Rd5d4]} 15. h6 d4 $11) 15. h6 g6 16. dxc6 Bxc6 17. Bd5 Rfc8 $1 ({Wrong is} 17... Bxd5 $2 18. Qxd5 Rac8 19. c3 $18) 18. Bxc6 Qxc6 19. Qxc6 Rxc6 20. Nf3 Ne5 21. Nd4 Rcc8 $1 22. Nxb5 axb5 23. Rxd6 Nc4 24. Rhd1 Nxd6 25. Rxd6 Rxa2 $15 {[%mdl 4096] Endgame KRR-KRB} 26. Rb6 $1 Ra1+ 27. Kd2 Rh1 28. Rxb5 g5 29. Rb6 (29. b4 {is more complex.} Rxh6 30. Rc5 Rd8+ 31. Kc3 Rb8 32. b5) 29... Rxh6 30. Bxg5 Rg6 31. Bxf6 Rxg2 32. Bd4 Rg6 {...Rxb6 is the strong threat.} 33. Rb5 h6 34. b4 Rd6 35. c3 Kh7 36. Re5 Kg6 37. Ke3 f6 38. Re7 h5 39. b5 h4 {Threatens to win with ...h3.} 40. Kf3 Rd5 41. b6 h3 42. Re1 Rg5 {Strongly threatening ...h2.} 43. Rh1 $1 Rh8 {White must now prevent ...h2.} 44. Be3 $1 {[%cal Re3g5]} Rgh5 (44... Rb5 $11 {remains equal.}) 45. c4 $16 {[%mdl 1024] aiming for c5. White has strong compensation.} Kf7 46. c5 (46. Bf4 $1 $16) 46... Ke6 $2 {[%mdl 8192]} (46... Rf5+ $1 $11 {and Black has nothing to worry.} 47. Ke4 Re5+ 48. Kd4 Ke6) 47. b7 $18 Kd5 48. Bf4 Re5 $2 (48... Ke6 49. b8=Q Rxb8) 49. Bxe5 fxe5 {[#] KR-KR} 50. Kg3 $1 {[%cal Rg3h2]} Kc6 51. Rxh3 Rg8+ 52. Kf3 Rf8+ 53. Ke3 Kxb7 54. Rh5 e4 {[#]} 55. Re5 $2 (55. Rh4 $1 $18 {[%cal Rh4e4]} Kc6 56. Rxe4) 55... Rf3+ $11 {The position is equal.} 56. Ke2 Rf4 $1 57. Re6 Kc7 58. Rd6 Kb7 59. Rg6 Kc7 60. Rg3 Kc6 61. Ke3 Rf5 62. Rg2 Kd5 63. Rg4 Rf3+ 64. Ke2 Rf6 65. Rg5+ Kc6 66. Rh5 Rf4 67. Re5 Kd7 68. Rg5 (68. Rd5+ {keeps more tension.} Kc6 69. Rd2 Rf3 70. Rd4 Rf4 71. Rc4) 68... Kc6 69. Rh5 Rf6 70. Rh3 Kxc5 71. Ke3 Kd5 72. Rh5+ Kd6 73. Ra5 {And now Ra6+ would win.} Rf3+ 74. Ke2 Ke6 75. Rh5 {Accuracy: White = 55%, Black = 51%.} 1/2-1/2

[Event "Moscow-ch Men 2019"]
[Site "Moscow"]
[Date "2019.03.31"]
[Round "2.4"]
[White "Afanasiev, Nikita"]
[Black "Prokopchuk, Yury"]
[Result "1-0"]
[WhiteElo "2527"]
[BlackElo "2237"]
[Annotator "TA"]
[PlyCount "59"]
[EventDate "2019.03.30"]
[EventType "swiss"]
[EventCountry "RUS"]
[SourceTitle "playchess.com"]
[Source "ChessBase"]
[SourceQuality "1"]

{[%evp 14,59,25,0,31,31,36,43,34,56,44,20,21,27,25,6,12,10,14,20,21,19,19,18,17,16,29,31,59,52,70,64,154,139,229,221,186,210,220,205,370,351,376,367,454,450,450,423]} 1. e4 d5 2. exd5 Qxd5 3. Nc3 Qa5 4. d4 Nf6 5. Nf3 Bf5 6. Bc4 e6 7. Bd2 {B01: Scandinavian Defence} Bb4 8. Ne5 {LiveBook: 6 Games} Nc6 $146 ({Predecessor:} 8... Nbd7 9. Nxd7 Nxd7 10. a3 Bxc3 11. Bxc3 Qb6 12. O-O O-O 13. d5 Rfd8 14. Qf3 {1-0 (27) Adams,M (2742)-Laznicka,V (2676) Baku 2015}) 9. Nxc6 {White is slightly better.} bxc6 10. a3 Bxc3 $1 11. Bxc3 Qb6 12. b3 O-O 13. O-O Rfd8 14. Bb2 c5 15. dxc5 Rxd1 16. cxb6 Rxa1 17. Rxa1 cxb6 18. Rc1 Rd8 19. Be2 h6 20. Kf1 Ne4 21. f3 Nc5 22. b4 Na4 (22... Nd7 $14) 23. Ba1 $1 $16 Rd2 (23... a6 $16 24. Bxa6 Bxc2) 24. Ke1 $18 Rxc2 25. Rxc2 Bxc2 {[#] KBB-KBN} 26. Bc4 $1 f6 $2 {[#]} (26... b5) 27. Kd2 $1 {[%cal Rd2c2]} ({Less strong is} 27. Bxe6+ Kf8 $16) 27... Bb1 28. Bb5 Nc5 29. bxc5 bxc5 30. Kc3 {Precision: White = 84%, Black = 38%.} 1-0

[Event "Moscow-ch Men 2019"]
[Site "Moscow"]
[Date "2019.03.31"]
[Round "2.5"]
[White "Golubov, Saveliy"]
[Black "Rozanov, Pavel B."]
[Result "1/2-1/2"]
[WhiteElo "2460"]
[BlackElo "2242"]
[Annotator "TA"]
[PlyCount "155"]
[EventDate "2019.03.30"]
[EventType "swiss"]
[EventCountry "RUS"]
[SourceTitle "playchess.com"]
[Source "ChessBase"]
[SourceQuality "1"]

{[%evp 9,155,17,5,12,20,-9,58,55,87,71,70,75,91,55,65,54,68,18,51,23,23,13,15,20,28,12,12,8,28,25,64,79,79,53,99,91,111,31,89,31,32,36,31,12,74,33,130,123,127,119,154,147,248,159,166,160,161,171,170,143,160,166,168,179,162,152,156,162,177,156,200,90,169,156,287,273,420,298,272,269,295,301,386,377,528,502,515,515,487,394,303,73,68,0,0,-52,-6,-5,0,-8,0,0,321,-101,-101,-85,-87,-269,-268,-253,-234,-226,-75,-68,-31,-31,-31,-31,-31,-62,-62,-63,-62,-60,-60,-59,-55,-70,-70,-70,-70,-70,-70,-70,-70,-343,-332,-295,-175,-175,-72,-308,-293,-258,-31,-31,0,0]} 1. d4 e6 2. Bf4 f5 3. e4 (3. Nf3 Nf6 4. h3 g6 5. c4 Bg7 6. Nc3 O-O 7. e3 d6 8. Be2 Qe7 9. O-O Nc6 10. Rc1 b6 11. d5 Nd8 12. dxe6 Nxe6 {½-½ (34) Dvirnyy,D (2541)-Del Rio de Angelis,S (2524) Las Palmas 2017}) 3... fxe4 4. f3 Bb4+ $146 ({Predecessor:} 4... Nf6 5. Nd2 d5 6. fxe4 dxe4 7. c3 Bd6 8. Bg5 h6 9. Bxf6 Qxf6 10. Nxe4 Qh4+ 11. Nf2 {1-0 (27) Asllani,M (2010)-Mehaj,D (2139) Prishtina 2017}) 5. c3 Bd6 6. Bxd6 {A40: Unusual replies to 1 d4} cxd6 7. Nd2 e3 (7... exf3 $1 $11 8. Ngxf3 Nf6) 8. Nc4 $14 {[%mdl 64] Double Attack. White is slightly better.} Qc7 9. Nxe3 Nf6 10. Bd3 Nc6 11. Ne2 Ne7 12. Qc2 b6 13. g4 g6 14. h4 Bb7 15. Rh3 O-O-O 16. O-O-O Rdf8 17. Kb1 Nfd5 18. Qd2 Kb8 19. Nc2 Rf7 20. c4 Nf6 21. Nc3 Ne8 22. d5 Rhf8 {[%cal Re6d5]} 23. Nd4 (23. h5 $16) 23... Qc8 (23... exd5 $14 24. Ncb5 Qd8) 24. dxe6 (24. h5 $16) 24... dxe6 {Strongly threatening ...e5.} 25. Be4 Nc6 26. Ndb5 Rd7 (26... Ne5 $1 $11) 27. Qe3 Ne5 (27... e5 $14) 28. Bxb7 $16 Kxb7 29. b3 Qc5 30. Nd4 {Hoping for Qe4+.} Nc7 (30... Nc6 $16) 31. f4 Nc6 32. Ne4 ({Resist} 32. Nxe6 Qxe3 33. Rxe3 Nxe6 $16) (32. Na4 Qa5 $16) 32... Qa5 33. Nxc6 Kxc6 34. Ng5 Re8 35. h5 Kb7 36. hxg6 hxg6 37. Qe4+ d5 38. Qxg6 Ree7 39. Rhd3 Qc5 40. Qf6 (40. Ne4 $18 Qc6 41. Nf6) 40... a5 (40... Qc6 $16 {was worth a try.}) 41. Nf3 Ne8 (41... Na6 $16 42. Qd4 Rd8) 42. Qb2 $18 Nc7 (42... Rh7 {might work better.} 43. g5 Qf8) 43. g5 Rd8 44. g6 Rf8 45. Rd4 dxc4 46. bxc4 Qh5 (46... Na6 {was necessary.} 47. Ka1 Nb8) 47. Qg2 Ka6 {Now ...e5 and Black clings on.} 48. Ka1 Rg7 49. Rd6 Qc5 {[#]} 50. Qb2 $2 (50. Qe2 $1 $18) 50... Rxg6 $16 51. R6d4 ({White should play} 51. Qe5 $14 Rf5 52. Qd4 Qxd4+ 53. Nxd4 Rxf4 54. Rb1) 51... Rfg8 $11 {[%cal Bf8g8,Bg8g4,Bg4f4][%mdl 32]} 52. a3 (52. Rd7 $11 Rg3 53. Ng5) 52... Rg3 (52... Rg2 $5 {[%cal Rg2b2]} 53. Qb3 R8g3 $15) 53. R4d3 R8g4 54. Rb1 $132 {[%mdl 2048] White has counterplay} a4 55. Ne5 Rg1 $2 {[%mdl 8192]} (55... Rxd3 $11 {and Black is okay.} 56. Nxd3 Qe3) 56. Qc2 $2 (56. Nxg4 $18 Rxg4 57. Qb4 Qxb4 58. Rxb4) 56... Rxb1+ $17 57. Kxb1 Rxf4 58. Nd7 $2 (58. Re3 $17) 58... Qxc4 $19 59. Qxc4+ Rxc4 {[%mdl 4096] Endgame KRN-KRN} 60. Rd6 Nd5 $2 (60... Ka5 $19 {aiming for ...Re4.} 61. Ne5 Rc3) 61. Rxe6 $17 Rc3 62. Rd6 Rb3+ 63. Kc1 Rb5 64. Nf8 Kb7 65. Ne6 Ne3 66. Rd7+ Kc6 67. Ra7 {Nd4+ is the strong threat.} Kd6 68. Nd4 Rc5+ 69. Kd2 Nc4+ 70. Kd3 Nb2+ 71. Kd2 $1 b5 {White must now prevent ...Nc4+.} 72. Nc2 $2 {[%mdl 8192]} (72. Ra8 $15) 72... Nc4+ $19 73. Kd3 Ne5+ (73... Rh5 $142 74. Kd4 Rh4+ 75. Kc3 Rh3+ 76. Kd4 Nxa3 77. Ra6+ Kc7) 74. Kd2 Kd5 (74... Rd5+ $19 {and Black stays clearly on top.} 75. Kc1 Rd3) 75. Ne3+ $2 (75. Rh7 $17) 75... Kd4 76. Rh7 {[#]} Nc4+ $2 (76... Nf3+ $1 $19 77. Ke2 Ke4) 77. Nxc4 $15 Rxc4 78. Rh5 {Accuracy: White = 40%, Black = 38%.} 1/2-1/2

[Event "Moscow-ch Men 2019"]
[Site "Moscow"]
[Date "2019.03.31"]
[Round "2.6"]
[White "Salman, Pavel"]
[Black "Kozionov, Kirill"]
[Result "1/2-1/2"]
[WhiteElo "2248"]
[BlackElo "2441"]
[Annotator "TA"]
[PlyCount "85"]
[EventDate "2019.03.30"]
[EventType "swiss"]
[EventCountry "RUS"]
[SourceTitle "playchess.com"]
[Source "ChessBase"]
[SourceQuality "1"]

{[%evp 21,85,7,61,18,28,27,77,39,43,45,35,31,52,0,0,0,0,-66,-62,-91,-67,-71,-72,-90,-66,-68,-66,-72,-68,-69,-56,-68,-58,-68,-68,-68,-68,-68,-68,-73,-83,-83,-73,-82,-73,-83,-83,-83,-54,-73,-63,-63,-63,-83,-83,-83,-83,-83,-83,-83,-83,-83,-83,-83,-83,-90]} 1. d4 Nf6 2. c4 g6 3. Nc3 Bg7 4. e4 d6 5. Nf3 O-O 6. Be2 e5 7. O-O Nc6 8. d5 Ne7 9. Ne1 Nd7 10. Nd3 f5 11. Bd2 Kh8 (11... fxe4 $11 12. Nxe4 Nf6) 12. a4 {E98: King's Indian: Classical Main Line: 9 Ne1} a5 13. f3 {[#]} c5 $146 ({Predecessor:} 13... c6 14. Kh1 Nf6 15. dxc6 bxc6 16. c5 d5 17. Nxe5 d4 18. Qb3 Nxe4 19. Nxe4 fxe4 20. fxe4 Bxe5 21. Rxf8+ Qxf8 {0-1 (38) Bruzon Batista,L (2669)-Sasikiran,K (2640) Danzhou 2015}) 14. Nb5 {White is better.} Nf6 15. Nf2 f4 16. Ra3 h5 17. g4 ({White should try} 17. b3 $14) 17... hxg4 18. fxg4 g5 19. Bf3 ({Better is} 19. h4 $1 $11) 19... Ng6 $15 20. Be1 Kg8 21. h3 Kf7 22. Kg2 Rh8 23. Rh1 Ke7 24. Kg1 Bd7 25. Kf1 b6 26. Ke2 Nh4 27. Kd2 Be8 28. Kc1 Bg6 29. Qe2 Kd7 30. Nc3 Rh6 31. Rb3 Bf8 32. Nd3 Be7 33. Bxh4 Rxh4 34. Nf2 Ke8 35. Qd1 Kf7 36. Qe2 Nd7 37. Kd2 Nb8 {Black is better.} 38. Ra3 Na6 39. Qd1 Nb4 40. Qe2 Qd7 41. Qd1 Rah8 42. Qf1 Ke8 43. Qg2 {Accuracy: White = 46%, Black = 70%.} 1/2-1/2

[Event "Moscow-ch Men 2019"]
[Site "Moscow"]
[Date "2019.03.31"]
[Round "2.7"]
[White "Ivanov, Oleg V"]
[Black "Ageichenko, Genadi A"]
[Result "1-0"]
[WhiteElo "2441"]
[BlackElo "2208"]
[Annotator "TA"]
[PlyCount "89"]
[EventDate "2019.03.30"]
[EventType "swiss"]
[EventCountry "RUS"]
[SourceTitle "playchess.com"]
[Source "ChessBase"]
[SourceQuality "1"]

{[%evp 28,89,29,21,56,31,37,33,87,80,80,80,81,86,63,79,81,83,122,119,114,126,114,103,98,106,112,111,251,255,256,250,229,156,156,150,155,155,155,147,168,162,159,150,237,252,647,602,603,605,602,579,490,435,1227,1391,1415,1298,1645,1513,4629,821,2331,1554]} 1. e4 e5 2. Nf3 Nc6 3. d4 exd4 4. Bc4 Nf6 5. e5 d5 6. Bb5 Ne4 7. Nxd4 Bd7 8. Bxc6 bxc6 9. O-O Bc5 10. f3 {[%cal Bf2f3,Bf3f4][%mdl 32]} Ng5 11. Be3 O-O 12. f4 Ne4 13. Nd2 f6 {C56: Two Knights: 4 d4 exd4 5 0-0 Nxe4} (13... Rb8 14. Nxe4 dxe4 15. Qe1 Bb6 16. f5 Re8 17. Qg3 Qe7 18. f6 Qf8 19. Rad1 g6 20. Qf4 c5 21. Nb3 {0-1 (58) Koepke,C (2331)-Repka,C (2523) Austria 2019}) 14. Nxe4 dxe4 15. Qe2 {LiveBook: 10 Games} Kh8 {The position is equal.} 16. Qc4 Bb6 $1 17. Rae1 $146 ({Predecessor:} 17. Kh1 fxe5 18. fxe5 Qe7 19. Bf4 Bxd4 20. Qxd4 Bf5 21. Be3 {½-½ (29) Erwich,F (2105)-Jonkman,H (2310) Hoogeveen 1998}) 17... Qe8 ({Black should play} 17... fxe5 $14 18. fxe5 Rxf1+ 19. Rxf1 Qg8) 18. e6 $16 Bxd4 19. exd7 Bxe3+ 20. Rxe3 Qxd7 21. Rxe4 Rfe8 22. Rfe1 h6 23. h3 Rxe4 24. Rxe4 {[%mdl 4096] Endgame KQR-KQR} Rd8 25. Kh2 Qf5 26. Qxc6 Rd2 27. Rc4 Qg6 (27... h5 $16) 28. Qf3 $18 Qf7 29. b3 Qe7 30. Qa8+ Kh7 31. Qxa7 Qe2 {[%csl Gd2][%cal Re2g2] [#]} 32. Qb7 Qe3 33. Qe4+ Qxe4 34. Rxe4 {Rc4 is the strong threat.} Rxc2 $16 {KR-KR} 35. a4 {[%cal Ba2a4,Ba4a5,Ba5a6,Ba6a7][%mdl 32]} c5 (35... Rc3 $16) 36. a5 $18 Rb2 $2 (36... Ra2 37. Ra4 Rxa4 38. bxa4 c4) 37. a6 {White is clearly winning.} Rxb3 38. Ra4 {[#] Threatens to win with a7.} Rb8 39. Kg3 ({Not} 39. a7 Ra8 $16) 39... Kg6 40. Kf3 Kf5 (40... Kf7 $142 41. f5 (41. a7 Ra8 $14) 41... Ke7) 41. a7 Ra8 42. Ra6 h5 43. g4+ hxg4+ 44. hxg4+ Kg6 45. Ke4 {Precision: White = 87%, Black = 48%.} 1-0

[Event "Moscow-ch Men 2019"]
[Site "Moscow"]
[Date "2019.03.31"]
[Round "2.8"]
[White "Dvalishvili, Pavel S."]
[Black "Yarygin, Maksim"]
[Result "1-0"]
[WhiteElo "2407"]
[BlackElo "2204"]
[Annotator "TA"]
[PlyCount "57"]
[EventDate "2019.03.30"]
[EventType "swiss"]
[EventCountry "RUS"]
[SourceTitle "playchess.com"]
[Source "ChessBase"]
[SourceQuality "1"]

{[%evp 10,57,48,48,63,50,61,27,104,102,107,88,110,100,169,68,47,50,48,40,70,67,47,49,104,102,126,97,168,166,167,154,200,168,163,158,157,146,211,159,164,170,143,135,333,328,370,361,336,315]} 1. e4 c5 2. Nf3 Nc6 3. Bb5 g6 4. O-O Bg7 5. Re1 Nh6 6. c3 {LiveBook: 25 Games. B31: Sicilian: 2...Nc6 3 Bb5 g6} (6. d3 O-O 7. Bxc6 bxc6 8. Nc3 d6 9. h3 e5 10. a3 f5 11. b4 cxb4 12. axb4 Nf7 13. Bd2 d5 14. Qb1 fxe4 15. dxe4 d4 16. Na4 g5 17. Nc5 g4 18. hxg4 Bxg4 {½-½ (58) Grigoriants,S (2576)-Nakamura,H (2786) chess.com INT 2017}) 6... e5 7. d4 cxd4 8. cxd4 {White is slightly better.} exd4 $146 (8... Nxd4 $11 9. Nxd4 exd4) ({Predecessor:} 8... Nxd4 9. Nxd4 exd4 10. Bf4 Qb6 11. Na3 O-O 12. h3 a6 13. Bd3 d5 14. exd5 {1-0 (24) Mainka,R (2463)-Mellem,N (2130) Bad Wiessee 2000}) 9. Bg5 $16 Qb6 10. Na3 {[%mdl 1024] White has strong compensation.} O-O 11. h3 {[#] Strongly threatening Qd2.} f6 (11... f5 $16) 12. Qb3+ (12. Bf4 $18) 12... Nf7 $14 13. Nc4 Qc7 14. Bh4 {Black must now prevent Bg3.} Kh8 15. Bg3 Nfe5 16. Rac1 a6 ({Better is} 16... d6 $14) 17. Bxc6 $1 $16 dxc6 18. Nxd4 Qe7 (18... Qd8 $16) 19. Nb6 $36 {[%mdl 2048] White is in control.} Rb8 20. f4 {[%cal Bf2f4,Bf4f5][%mdl 32]} Nf7 21. f5 Ne5 22. Red1 Bh6 23. Rc3 Rd8 (23... Rg8 $16 {was necessary.} 24. Nxc8 Rbxc8) 24. Nxc8 Rbxc8 25. Ne6 Rxd1+ 26. Qxd1 Nd7 $2 {[#]} (26... Rg8 $16) 27. Rd3 Nf8 28. Bd6 Qe8 29. Bxf8 {Precision: White = 73%, Black = 32%.} 1-0